[Event "AUTO-ADV-1620"]
[Site "http://www.queenalice.com/game.php?id=717737"]
[Date "2010.1.21"]
[Round "1"]
[White "TiagoAntunes"]
[Black "rodolfomaiche"]
[Result "1-0"]
[WhiteElo "2032"]
[BlackElo "1690"]

1. e4 e5 2. Nf3 d6 3. Bb5+ c6 4. Bc4 b5 5. Bb3 Bb7 6. O-O c5 7. d3 a5 8. a4 b4
9. Ng5 d5 10. Qh5 g6 11. Qe2 Bg7 12. f4 h6 13. Nxf7 Kxf7 14. fxe5+ Ke8 15. Qf3
Qe7 16. Bxd5 Bxd5 17. exd5 Ra7 18. e6 Nf6 19. Qg3 Rb7 20. d6 Nh5 21. Qxg6+ 1-0

[Event "AUTO-ADV-1620"]
[Site "http://www.queenalice.com/game.php?id=717738"]
[Date "2010.1.21"]
[Round "1"]
[White "rodolfomaiche"]
[Black "TiagoAntunes"]
[Result "0-1"]
[WhiteElo "1849"]
[BlackElo "2116"]

1. e4 e5 2. Nf3 Nf6 3. d4 Nxe4 4. dxe5 Bc5 5. Be3 Bxe3 6. fxe3 Qe7 7. Qd4 f5 8.
Nc3 Nc6 9. Qc4 Nxe5 10. Nxe5 Qxe5 11. O-O-O Nxc3 12. Qxc3 Qxc3 13. bxc3 d6 14.
Bc4 a6 15. h3 b5 16. Bd5 Rb8 17. Rhf1 Rf8 18. g4 g6 19. Rf2 fxg4 20. Bc6+ Ke7
21. Rxf8 Kxf8 22. Rf1+ Ke7 23. h4 Be6 24. a3 Rb6 25. Be4 d5 26. Bd3 c5 27. Kd2
c4 28. Be2 h5 29. Ke1 Bf5 30. Kd2 Be4 31. Rf4 Re6 32. Bd1 g3 33. Ke1 Bh1 0-1

[Event "AUTO-ADV-1620"]
[Site "http://www.queenalice.com/game.php?id=717749"]
[Date "2010.1.21"]
[Round "1"]
[White "gnomium"]
[Black "rodolfomaiche"]
[Result "0-1"]
[WhiteElo "2125"]
[BlackElo "1793"]

1. e4 e5 2. Nf3 Bd6 3. d4 Qe7 4. Nc3 Bb4 5. dxe5 Qc5 6. Bd2 c6 7. a3 Bxc3 8.
Bxc3 f6 9. Bb4 Qb6 10. Qd6 c5 11. Bxc5 Qxd6 12. exd6 b6 13. Be3 Nc6 14. Bc4 Bb7
15. O-O-O Ne5 16. Bd5 Nc6 17. Rhe1 O-O-O 18. Nd4 Nxd4 19. Rxd4 Re8 20. Rc4+ Kb8
21. Bxb7 Kxb7 22. Rc7+ Kb8 23. Rxd7 g6 24. Rd1 g5 0-1

[Event "AUTO-ADV-1620"]
[Site "http://www.queenalice.com/game.php?id=717750"]
[Date "2010.1.21"]
[Round "1"]
[White "rodolfomaiche"]
[Black "gnomium"]
[Result "1-0"]
[WhiteElo "1822"]
[BlackElo "2103"]

1. d4 d5 2. c4 dxc4 3. Qa4+ Nc6 4. Nf3 Bg4 5. Ne5 Bd7 6. Nxc6 Bxc6 7. Qxc4 Qd7
8. Nc3 Nf6 9. e3 e6 10. Qb3 Nd5 11. Qc2 O-O-O 12. Bd3 Nb4 13. Qe2 Nxd3+ 14. Qxd3
Bxg2 15. Rg1 Bc6 16. a3 g6 17. Bd2 Bg7 18. O-O-O Qd6 19. h3 e5 20. Qc4 Qd7 21.
dxe5 Bf3 22. Rdf1 Qxd2+ 23. Kb1 Bxe5 24. Rc1 1-0

[Event "AUTO-ADV-1620"]
[Site "http://www.queenalice.com/game.php?id=717755"]
[Date "2010.1.21"]
[Round "1"]
[White "Deutsch88"]
[Black "rodolfomaiche"]
[Result "1-0"]
[WhiteElo "1765"]
[BlackElo "1892"]

1. a3 d5 2. e3 e5 3. b4 a6 4. Bb2 e4 5. c4 Nc6 6. Nc3 dxc4 7. Bxc4 Qg5 8. g3 Nf6
9. Nge2 Bd6 10. Qc2 Bf5 11. O-O-O O-O 12. h4 Qg4 13. Nf4 Bxf4 14. gxf4 Qh5 15.
Rdg1 Bg6 16. Be2 Qf5 17. Rg5 Qd7 18. Bc4 Kh8 19. h5 Nxh5 20. Rhxh5 Bxh5 21. Rxh5
f5 22. Qd1 Rad8 23. Qh1 h6 24. Rxh6+ gxh6 25. Qxh6+ Qh7 26. Nxe4+ Nd4 27. Bxd4+
Rxd4 28. Qxf8+ 1-0

[Event "AUTO-ADV-1620"]
[Site "http://www.queenalice.com/game.php?id=717756"]
[Date "2010.1.21"]
[Round "1"]
[White "rodolfomaiche"]
[Black "Deutsch88"]
[Result "1-0"]
[WhiteElo "1900"]
[BlackElo "1786"]

1. d4 a6 2. e4 b5 3. d5 c6 4. a4 Bb7 5. axb5 cxb5 6. Nf3 Nf6 7. Bd3 Qb6 8. h3 e6
9. e5 Nxd5 10. Ng5 Bc5 11. Qf3 Nf6 12. Qf4 h6 13. Qh4 Bxf2+ 14. Qxf2 Qxf2+ 15.
Kxf2 hxg5 16. exf6 gxf6 17. Nc3 Nc6 18. Ne4 Ke7 19. Nc5 Bc8 20. Bxb5 a5 21. Bxc6
dxc6 22. b4 Rh4 23. Rxa5 Rxa5 24. bxa5 Rc4 25. Be3 Rxc2+ 26. Kf3 Ra2 27. Nb3 Bb7
28. Bc5+ Ke8 29. Ra1 Rxa1 30. Nxa1 f5 31. Nc2 e5 32. Nb4 e4+ 33. Ke3 Kd7 34. a6
Ba8 35. a7 Kc7 36. g4 1-0

[Event "AUTO-ADV-1756"]
[Site "http://www.queenalice.com/game.php?id=773343"]
[Date "2010.5.9"]
[Round "1"]
[White "rodolfomaiche"]
[Black "FLEURY"]
[Result "0-1"]
[WhiteElo "1905"]
[BlackElo "2169"]

1. c4 Nf6 2. Nc3 g6 3. g3 Bg7 4. Bg2 c5 5. e3 O-O 6. Nge2 Nc6 7. O-O d6 8. d4
Bf5 9. a3 Na5 10. Na4 Nxc4 11. Bxb7 Rb8 12. Ba6 Na5 13. Nac3 Nb3 14. Ra2 Qc7 15.
Bc4 Nxc1 16. Nxc1 cxd4 17. Nd5 Nxd5 18. Bxd5 e6 19. e4 Bh3 20. Re1 exd5 21. exd5
Qc4 22. Qf3 Rfe8 23. Qd1 Qxd5 24. f3 Rxe1+ 25. Qxe1 d3 26. b4 Bd4+ 27. Qf2 Qxf3
28. Nxd3 Qg2# 0-1

[Event "AUTO-ADV-1756"]
[Site "http://www.queenalice.com/game.php?id=773344"]
[Date "2010.5.9"]
[Round "1"]
[White "FLEURY"]
[Black "rodolfomaiche"]
[Result "1-0"]
[WhiteElo "2173"]
[BlackElo "1911"]

1. e4 c5 2. Nf3 d6 3. d4 cxd4 4. Nxd4 Nf6 5. Nc3 Nc6 6. Bc4 e6 7. Be3 a6 8. Bb3
Be7 9. Qe2 Qc7 10. f4 O-O 11. f5 e5 12. Nf3 b5 13. O-O b4 14. Nd5 Nxd5 15. Bxd5
Bb7 16. a3 a5 17. Qc4 Qc8 18. Rfc1 Nd8 19. Nd2 Bxd5 20. Qxd5 Qc6 21. axb4 Qxd5
22. exd5 Nb7 23. bxa5 Nxa5 24. b4 Nb7 25. c4 Rxa1 26. Rxa1 Rb8 27. Ne4 Bd8 28.
Ra7 Kf8 29. c5 dxc5 30. bxc5 Na5 31. c6 Bb6 32. Bxb6 1-0

[Event "AUTO-ADV-1756"]
[Site "http://www.queenalice.com/game.php?id=773347"]
[Date "2010.5.9"]
[Round "1"]
[White "rodolfomaiche"]
[Black "brancao"]
[Result "1-0"]
[WhiteElo "1905"]
[BlackElo "1860"]

1. d4 d5 2. c4 dxc4 3. Nf3 f6 4. e4 Bg4 5. Be3 Nc6 6. Nbd2 b5 7. Qc1 Bxf3 8.
Nxf3 e5 9. d5 Nb4 10. a3 Na6 11. b3 Bc5 12. bxc4 Bxe3 13. Qxe3 Qd6 14. cxb5 Nc5
15. Bc4 Ne7 16. O-O f5 17. exf5 Nxf5 18. Qxe5+ Qxe5 19. Nxe5 a6 20. Rfe1 Kf8 21.
bxa6 Nxa6 22. Nd7+ Kf7 23. d6+ Kg6 24. Ne5+ Kf6 25. d7 Nd6 26. Rad1 Nxc4 27.
Nxc4 Nc5 28. Re5 Ne6 29. Rde1 Ra6 30. f4 Rd8 31. Rd1 Ra4 32. f5 Rxc4 33. fxe6
Ke7 34. Rf1 Rc2 35. Rf7+ Kd6 36. e7 Kxd7 37. Rd5+ Ke8 38. exd8=Q+ Kxf7 39. Rf5+
Ke6 40. Qd5+ Ke7 41. Rf7+ 1-0

[Event "AUTO-ADV-1756"]
[Site "http://www.queenalice.com/game.php?id=773348"]
[Date "2010.5.9"]
[Round "1"]
[White "brancao"]
[Black "rodolfomaiche"]
[Result "0-1"]
[WhiteElo "1856"]
[BlackElo "1873"]

1. e4 e6 2. d4 d5 3. exd5 exd5 4. Nc3 Nf6 5. Bf4 c5 6. dxc5 Bxc5 7. Nb5 Qa5+ 8.
c3 Na6 9. b4 Bxf2+ 10. Kxf2 Ne4+ 11. Ke1 Qb6 12. Qe2 O-O 13. Qd3 Qf2+ 14. Kd1
Qxf4 0-1

[Event "AUTO-OPEN-1845"]
[Site "http://www.queenalice.com/game.php?id=812936"]
[Date "2010.8.4"]
[Round "2"]
[White "rodolfomaiche"]
[Black "TiagoAntunes"]
[Result "1-0"]
[WhiteElo "1937"]
[BlackElo "2195"]

1. e4 e5 2. Bc4 Nf6 3. d3 d5 4. exd5 Nxd5 5. Nf3 Nc6 6. O-O Be6 7. Re1 Bd6 8.
Bxd5 Bxd5 9. Nc3 Be6 10. Be3 O-O 11. Ne4 Be7 12. Qd2 Bb4 13. c3 Be7 14. d4 Qd5
15. Nxe5 Nxe5 16. dxe5 Qxe4 17. Bc5 Qh4 18. g3 Qg5 19. Qxg5 Bxg5 20. Bxf8 Kxf8
21. a4 Bb3 22. a5 Rd8 23. a6 b6 24. Ra3 Be6 25. Raa1 Rd2 26. b4 Rd3 27. f4 Be7
28. Rac1 c5 29. Red1 Rxd1+ 30. Rxd1 cxb4 31. cxb4 Bxb4 32. Rd8+ Ke7 33. Ra8 Bc5+
34. Kf1 b5 35. Ke2 b4 36. Kd3 Kd7 37. Rb8 Kc6 38. Rb7 Bb6 39. g4 Kb5 40. f5 Bc4+
41. Kc2 Kxa6 42. Rd7 b3+ 43. Kb2 Kb5 44. g5 a5 45. h4 a4 46. Rb7 Bd5 47. Rxb6+
Kxb6 48. h5 Kc5 49. g6 h6 50. f6 Kb4 51. fxg7 a3+ 52. Kc1 Kc3 53. g8=Q b2+ 54.
Kd1 b1=Q+ 55. Ke2 Qe4+ 56. Kf2 Qg2+ 57. Ke1 Qd2+ 58. Kf1 1-0

[Event "AUTO-OPEN-1845"]
[Site "http://www.queenalice.com/game.php?id=812937"]
[Date "2010.8.4"]
[Round "2"]
[White "TiagoAntunes"]
[Black "rodolfomaiche"]
[Result "1-0"]
[WhiteElo "2164"]
[BlackElo "1944"]

1. e4 e5 2. d4 exd4 3. c3 dxc3 4. Bc4 cxb2 5. Bxb2 d5 6. Bxd5 Bb4+ 7. Nc3 Nf6 8.
Bxf7+ Kxf7 9. Qb3+ Be6 10. Qxb4 Nc6 11. Qxb7 Nd4 12. Rc1 Rb8 13. Qxa7 Rxb2 14.
Rd1 Nc2+ 15. Kf1 Bc4+ 16. Nge2 Ne3+ 17. Qxe3 Rxe2 18. Qxe2 Bxe2+ 19. Kxe2 Qa8
20. Rd4 Rd8 21. Rxd8 Qxd8 22. Rc1 Qd4 23. f3 Nd7 24. Kf1 Ke6 25. Ne2 Qb6 26.
Rc6+ Qxc6 27. Nd4+ Kd6 28. Nxc6 Kxc6 29. Ke2 Kb5 30. Kd2 Kb4 31. f4 g6 32. e5
Ka3 33. e6 Nf6 34. e7 Kxa2 35. Kd3 Kb3 36. Kd4 Kb4 37. Ke5 Ne8 38. Ke6 c5 39. g4
c4 40. Kd7 Nf6+ 41. Kd8 h6 42. g5 hxg5 43. fxg5 Ne8 44. Kxe8 c3 45. Kf7 c2 46.
e8=Q c1=Q 47. Qe4+ Kc5 48. h4 Qf1+ 49. Kxg6 Qf8 50. Qf5+ 1-0

[Event "Challenge"]
[Site "http://www.queenalice.com/game.php?id=839583"]
[Date "2010.9.29"]
[Round "-"]
[White "filomenos"]
[Black "rodolfomaiche"]
[Result "0-1"]
[WhiteElo "1837"]
[BlackElo "1919"]

1. d4 Nf6 2. Nf3 g6 3. g3 Bg7 4. Bg2 O-O 5. O-O d6 6. Bg5 Ne4 7. Bf4 f5 8. Nbd2
Nc6 9. c3 e5 10. dxe5 dxe5 11. Be3 f4 12. Bc5 Nxc5 13. Nc4 Be6 14. Ncd2 e4 15.
Nd4 Bxd4 16. cxd4 Nxd4 17. Nxe4 Nxe4 18. Bxe4 Bh3 19. Re1 fxg3 20. fxg3 Bf5 21.
Bxf5 Rxf5 22. e3 Nf3+ 23. Kg2 Nxe1+ 24. Qxe1 Qd3 25. Rd1 Qc2+ 26. Rd2 Qe4+ 27.
Kg1 Raf8 0-1

[Event "Challenge"]
[Site "http://www.queenalice.com/game.php?id=839584"]
[Date "2010.9.29"]
[Round "-"]
[White "rodolfomaiche"]
[Black "filomenos"]
[Result "1-0"]
[WhiteElo "1932"]
[BlackElo "1834"]

1. e4 d5 2. exd5 Qxd5 3. Nc3 Qe6+ 4. Nge2 g6 5. g3 Bg7 6. Nb5 Qd7 7. Nf4 c6 8.
Nc3 Nf6 9. Bc4 O-O 10. d3 Qd8 11. O-O Bf5 12. a4 Nbd7 13. b4 Ne5 14. Kg2 Nxc4
15. dxc4 Qxd1 16. Nxd1 Bxc2 17. Ne3 Be4+ 18. f3 Bf5 19. Nxf5 gxf5 20. Be3 e6 21.
b5 cxb5 22. axb5 b6 23. Rfd1 Nd5 24. Ra3 Nxf4+ 25. Bxf4 Rfc8 26. Rad3 Rxc4 27.
Rd8+ Rxd8 28. Rxd8+ Bf8 29. Bh6 1-0